RAG DARBARI (Record no. 20880)

MARC details
000 -LEADER
fixed length control field 00219nam a22001097a 4500
003 - CONTROL NUMBER IDENTIFIER
control field SGT
100 ## - MAIN ENTRY--PERSONAL NAME
Personal name SHUKL, SRI LAL
245 ## - TITLE STATEMENT
Title RAG DARBARI
260 ## - PUBLICATION, DISTRIBUTION, ETC. (IMPRINT)
Place of publication, distribution, etc DELHI
Name of publisher, distributor, etc RAJKAMAL PUB.
Year of Publication 1984
300 ## - PAGE DESCRIPTION
No. of Pages 630
942 ## - ADDED ENTRY ELEMENTS (KOHA)
Source of classification or shelving scheme Dewey Decimal Classification
Koha item type Books
Holdings
Withdrawn status Lost status Source of classification or shelving scheme Damaged status Not for loan Home library Current library Date acquired Cost, normal purchase price SGTU Total Checkouts Accession No. (Barcode) Date last seen Bill Date Koha item type
    Dewey Decimal Classification     SGT Science & Social Sciences Library SGT Science & Social Sciences Library 04/03/2021 50.00 SGTU   NT9 04/03/2021 04/03/2021 Books